Trust the text: language, corpus and discourse
Uloženo v:
| Hlavní autor: | |
|---|---|
| Médium: | Kniha |
| Jazyk: | angličtina |
| Vydáno: |
Oxford
Routledge
2004
|
| Vydání: | 1a. ed |
| Témata: | |
| Tagy: |
Přidat tag
Žádné tagy, Buďte první, kdo vytvoří štítek k tomuto záznamu!
|
MARC
| LEADER | 00000nam a2200000 a 4500 | ||
|---|---|---|---|
| 001 | UCK5479 | ||
| 003 | CL-VaPUC | ||
| 008 | 050805e20040000UK |||||||||||||||||eng|d | ||
| 020 | |a 0415317681 | ||
| 082 | 0 | 4 | |a 401.41 |b SIN |2 21 |
| 100 | 0 | |a Sinclair, John McHardy |e author |9 494250 | |
| 245 | 1 | 0 | |a Trust the text: language, corpus and discourse |
| 250 | |a 1a. ed | ||
| 300 | |a 212 p | ||
| 942 | |c BK | ||
| 945 | |d 20050805 00:00:00 |a cmena | ||
| 260 | |a Oxford |b Routledge |c 2004 | ||
| 650 | 0 | |a Análisis del discurso |9 256696 | |
| 650 | 0 | |a Lexicología |9 323170 | |
| 650 | 0 | |a Gramática |9 270497 | |
| 650 | 7 | |a LINGUISTICA COMPUTACIONAL |2 CL-VaPUC |9 494251 | |
| 583 | |a last modification |c 20050805 00:00:00 |k Rodrigo Vera | ||
| 999 | |c 313990 |d 313988 | ||
| 952 | |0 0 |1 0 |4 0 |6 401_410000000000000_SIN_2004 |7 0 |8 A |9 385851 |a FDOPOS |b FDOPOS |d 2019-11-22 |i 4151550 |o 401.41 SIN 2004 |p 4151550 |r 2025-01-22 |w 2019-11-22 |y BK |k MLA | ||